000 01274cam a2200253 i 4500
003 SA-RiAUC
005 20241124060711.0
008 241121s1998 ua g f10010 ara c
040 _aSA-JeALM
_bara
_cSA-RiAUC
_erda
072 7 _a017
082 0 4 _a214.3
090 _a214.3
_bو ز ا
110 1 _aوزارة الاوقاف.
_bالمجلس الأعلى للشؤون الإسلامية.
_bمؤتمر
_cالقاهرة
_d1996 :
_n(8 :
245 1 2 _aالإسلام ومستقبل الحوار الحضاري :
_bأبحاث ووقائع المؤتمر العام الثامن للمجلس الأعلى للشؤون الإسلامية المنعقد بالقاهرة في الفترة من 24 حتى 27 يوليه 1996 م
_cإشراف وتقديم محمود حمدي زقزوق.
264 1 _aالقاهرة :
_bالمجلس الأعلى للشؤون الإسلامية،
_c1998
300 _a430 ، 91 ، 53 صفحة ؛
_c24 سم
336 _aنص
_btxt
_2rdacontent
_3كتاب
337 _aبدون وسيط
_bn
_2rdamedia
338 _aمجلد
_bnc
_2rdacarrier
650 7 _aالإسلام والحضارة
_vمؤتمرات
_2aucsh
700 1 _aزقزوق، محمود حمدي،
_d1933-
_eمشرف.
942 _2ddc
_cBOOK
_n0
949 _aSA-JeALM
_d241121
_umohamedma123
_n1
999 _c2667
_d2667